Le sfide del nuovo Papa : laicità, relativismo, scienza /
সংরক্ষণ করুন:
| প্রধান লেখক: | |
|---|---|
| বিন্যাস: | গ্রন্থ |
| ভাষা: | ইতালিয় |
| প্রকাশিত: |
Torino,
UTET libreria. [2006]
|
| বিষয়গুলি: | |
| ট্যাগগুলো: |
কোনো ট্যাগ নেই, প্রথমজন হিসাবে ট্যাগ করুন!
|
MARC
| LEADER | 00000nam a22000007i 4500 | ||
|---|---|---|---|
| 001 | IT\ICCU\LO1\1072425 | ||
| 003 | ItRI | ||
| 005 | 20260115231844.0 | ||
| 008 | 060816s2006 it |||||| ||||| |||||c | ||
| 020 | |a 8802074232 | ||
| 020 | |a 9788802074238 | ||
| 040 | |b ita |c importazione bologna sebina | ||
| 041 | 7 | |a ita |2 ISO-639-2 | |
| 082 | |a 282.092 |9 CHIESA CATTOLICA ROMANA. Persone |2 21 | ||
| 100 | 1 | |a Santini, Alceste |0 IT\ICCU\CFIV\071873 |4 aut | |
| 245 | 1 | 3 | |a Le sfide del nuovo Papa : |b laicità, relativismo, scienza / |c Alceste Santini. |
| 260 | |a Torino, |c UTET libreria. [2006] | ||
| 300 | |a VIII, 160 p. ; |c 24 cm. | ||
| 650 | 7 | |a Benedetto <papa ; 16.> |2 scbi | |
| 942 | |2 ddc |c BK |n 0 | ||
| 952 | |0 0 |1 0 |4 0 |6 DOC_282_092000000000000_SAN |7 0 |9 14367 |a BO |b BO |d 2026-01-15 |i 15104 |l 0 |o DOC 282.092 SAN |p BO15104 |r 2026-01-15 23:18:44 |w 2026-01-15 |x [Sebina 5] [1 v.] |y BK |z 1 v. | ||
| 999 | |c 12404 |d 12404 | ||